[Event "Palanga Baltija op-A"]
[Site "Palanga"]
[Date "2014.06.21"]
[Round "9"]
[White "Vaicekauskas, Gytis"]
[Black "Pavlova, Alina"]
[Result "0-1"]
[WhiteElo "2152"]
[BlackElo "2135"]
[PlyCount "96"]
[EventDate "2014.06.16"]
[EventType "swiss"]
[EventRounds "9"]
[EventCountry "LTU"]
[SourceTitle "CBM 161 Extra"]
[Source "ChessBase"]
[SourceDate "2014.08.29"]
[SourceVersion "1"]
[SourceVersionDate "2014.08.29"]
[SourceQuality "1"]

1. e4 e6 2. d4 d5 3. Nc3 Bb4 4. e5 c5 5. a3 Ba5 6. b4 cxd4 7. Qxd4 Bc7 8. f4 Ne7 9. Nf3 a6 10. Qd1 Nbc6 11. Bd3 b5 12. 0-0 Bb6+ 13. Kh1 Bb7 14. Rb1 Rc8 15. Bd2 Nf5 16. a4 d4 17. Ne4 bxa4 18. g4 Nce7 19. gxf5 Nxf5 20. Qe2 0-0 21. Ng3 Ne3 22. Bxe3 dxe3 23. Be4 Bxe4 24. Nxe4 Qd5 25. Qd3 Rc4 26. Nd6 Rxf4 27. Qxd5 exd5 28. Ng5 Rxf1+ 29. Rxf1 Bd4 30. Nf5 e2 31. Re1 Bxe5 32. Rxe2 Bb2 33. Re7 a3 34. Ra7 h6 35. Nf3 a2 36. Rxa6 a1Q+ 37. Rxa1 Bxa1 38. Ne7+ Kh7 39. Nxd5 g5 40. c4 g4 41. Nd2 f5 42. b5 f4 43. Ne4 f3 44. Kg1 Bd4+ 45. Kf1 Ra8 46. Ke1 Re8 47. Kd2 Rxe4 48. Kd3 Re1 0-1

[Event "Palanga op"]
[Site "Palanga"]
[Date "2013.06.21"]
[Round "8"]
[White "Pavlova, Alina"]
[Black "Babikov, Ivan"]
[Result "1/2-1/2"]
[WhiteElo "2098"]
[BlackElo "2321"]
[PlyCount "52"]
[EventDate "2013.06.17"]
[EventType "swiss"]
[EventRounds "9"]
[EventCountry "LTU"]
[SourceTitle "EXT 2014"]
[Source "ChessBase"]
[SourceDate "2013.11.20"]
[SourceVersion "1"]
[SourceVersionDate "2013.11.20"]
[SourceQuality "1"]

1. Nf3 d5 2. d4 Nf6 3. c4 e6 4. Bg5 c6 5. Nc3 Nbd7 6. e3 Qa5 7. Bxf6 Nxf6 8. Bd3 dxc4 9. Bxc4 Bb4 10. Qb3 b5 11. Bd3 a6 12. 0-0 c5 13. dxc5 Bxc5 14. Ne4 Be7 15. Ne5 Bb7 16. Ng5 0-0 17. Rfd1 h6 18. Nxe6 Bd5 19. Bh7+ Kh8 20. Rxd5 fxe6 21. Rd4 Kxh7 22. Qxe6 Bc5 23. Qf5+ Kg8 24. Qe6+ Kh7 25. Qf5+ Kg8 26. Qe6+ Kh7 1/2-1/2

[Event "Pskov 5th op"]
[Site "Pskov"]
[Date "2008.06.29"]
[Round "9.19"]
[White "Pavlova, Alina"]
[Black "Danilova, Tatiana"]
[Result "1/2-1/2"]
[WhiteElo "2153"]
[BlackElo "1857"]
[PlyCount "38"]
[EventDate "2008.06.22"]
[EventType "swiss"]
[EventRounds "9"]
[EventCountry "RUS"]
[SourceTitle "EXT 2022"]
[Source "ChessBase"]
[SourceDate "2021.10.06"]
[SourceVersion "1"]
[SourceVersionDate "2021.10.06"]
[SourceQuality "1"]

1. d4 e6 2. Nf3 Nf6 3. e3 c5 4. Bd3 Nc6 5. c3 d5 6. Nbd2 Be7 7. 0-0 0-0 8. Qe2 a6 9. a4 Qc7 10. dxc5 Bxc5 11. b4 Bd6 12. Bb2 e5 13. e4 Re8 14. b5 Ne7 15. bxa6 bxa6 16. exd5 Nexd5 17. Ne4 Bb7 18. Nfd2 Nxe4 19. Bxe4 Nf4 1/2-1/2

[Event "Pskov 5th op"]
[Site "Pskov"]
[Date "2008.06.26"]
[Round "5.15"]
[White "Medovkina, Viktoria"]
[Black "Pavlova, Alina"]
[Result "1-0"]
[WhiteElo "1916"]
[BlackElo "2153"]
[PlyCount "57"]
[EventDate "2008.06.22"]
[EventType "swiss"]
[EventRounds "9"]
[EventCountry "RUS"]
[SourceTitle "EXT 2022"]
[Source "ChessBase"]
[SourceDate "2021.10.06"]
[SourceVersion "1"]
[SourceVersionDate "2021.10.06"]
[SourceQuality "1"]

1. e4 e6 2. d3 d5 3. Nd2 Nf6 4. g3 b6 5. Bg2 Bb7 6. Qe2 Be7 7. Ngf3 c5 8. 0-0 Qc7 9. c3 Nc6 10. Rd1 0-0-0 11. a3 dxe4 12. dxe4 Qd7 13. e5 Ng4 14. h3 Nh6 15. b4 g5 16. Bb2 Qc7 17. g4 Rhe8 18. Nc4 Ng8 19. b5 Nb8 20. a4 f5 21. exf6 Nxf6 22. Nxg5 Bxg2 23. Kxg2 Nxg4 24. Qxe6+ Nd7 25. hxg4 Rf8 26. Qxe7 Rf4 27. Nd6+ Kb8 28. f3 h5 29. Bc1 1-0

[Event "Pskov 5th op"]
[Site "Pskov"]
[Date "2008.06.25"]
[Round "4.13"]
[White "Pavlova, Alina"]
[Black "Monina, Polina"]
[Result "1/2-1/2"]
[WhiteElo "2153"]
[BlackElo "1871"]
[PlyCount "36"]
[EventDate "2008.06.22"]
[EventType "swiss"]
[EventRounds "9"]
[EventCountry "RUS"]
[SourceTitle "EXT 2022"]
[Source "ChessBase"]
[SourceDate "2021.10.06"]
[SourceVersion "1"]
[SourceVersionDate "2021.10.06"]
[SourceQuality "1"]

1. d4 d5 2. c4 c6 3. Nf3 Nf6 4. Nc3 dxc4 5. a4 Bf5 6. e3 e6 7. Bxc4 Bb4 8. 0-0 0-0 9. Qb3 Qe7 10. Nd2 Nbd7 11. e4 Bg6 12. f3 e5 13. d5 cxd5 14. exd5 Qc5+ 15. Kh1 Nb6 16. Rd1 Rac8 17. Be2 Nbxd5 18. Nc4 Bxc3 1/2-1/2

[Event "Northwest FR-ch (Women)"]
[Site "St Petersburg"]
[Date "2008.03.28"]
[Round "9"]
[White "Inyakina, Alina"]
[Black "Pavlova, Alina"]
[Result "1/2-1/2"]
[WhiteElo "1803"]
[BlackElo "2148"]
[PlyCount "35"]
[EventDate "2008.03.21"]
[EventType "swiss"]
[EventRounds "9"]
[EventCountry "RUS"]
[SourceTitle "EXT 2022"]
[Source "ChessBase"]
[SourceDate "2021.10.06"]
[SourceVersion "1"]
[SourceVersionDate "2021.10.06"]
[SourceQuality "1"]

1. d4 Nf6 2. Nf3 e6 3. Bg5 c5 4. e3 Qb6 5. Qc1 Ne4 6. Bf4 Nc6 7. c3 d5 8. Bd3 f5 9. 0-0 Be7 10. Nbd2 Bd7 11. Ne5 Nxd2 12. Qxd2 Bf6 13. Nxd7 Kxd7 14. dxc5 Qxc5 15. e4 fxe4 16. Bxe4 Rad8 17. Bf3 h5 18. Rad1 1/2-1/2

[Event "Petrovskaya Ladya op 08"]
[Site "Peterhof"]
[Date "2007.08.15"]
[Round "9"]
[White "Gantsevich, Aleksei"]
[Black "Pavlova, Alina"]
[Result "0-1"]
[WhiteElo "2000"]
[BlackElo "2137"]
[PlyCount "88"]
[EventDate "2007.08.06"]
[EventType "swiss"]
[EventRounds "9"]
[EventCountry "RUS"]
[SourceTitle "EXT 2008"]
[Source "ChessBase"]
[SourceDate "2007.11.25"]
[SourceVersion "1"]
[SourceVersionDate "2007.11.25"]
[SourceQuality "1"]

1. e4 e6 2. d3 d5 3. Nd2 Nf6 4. Ngf3 b6 5. g3 Bb7 6. e5 Nfd7 7. d4 c5 8. c3 Nc6 9. Be2 Qc7 10. 0-0 Be7 11. a3 g5 12. Nb1 g4 13. Ng5 h6 14. Nxf7 Kxf7 15. Bxg4 Nf8 16. Bh5+ Kg8 17. Qg4+ Kh7 18. Nd2 Rg8 19. Qh3 cxd4 20. Nf3 Nxe5 21. Nxd4 Neg6 22. Bg4 Rh8 23. Nxe6 Qe5 24. f4 Qf6 25. f5 Ne5 26. Bg5 Nxg4 27. Bxf6 Nxf6 28. b4 Rc8 29. Rac1 N8d7 30. Rfe1 Bd6 31. Qh4 Rhg8 32. Qd4 Rg4 33. Qd1 Rcg8 34. Re3 Ne5 35. Nd4 Ne4 36. Rc2 Be7 37. Kf1 Bg5 38. h3 Ba6+ 39. b5 Bxe3 40. hxg4 Bb7 41. Kg2 Rxg4 42. Ne2 d4 43. Kf1 d3 44. Nf4 Nxg3+ 0-1

[Event "Petrovskaya Ladya op 08"]
[Site "Peterhof"]
[Date "2007.08.13"]
[Round "7"]
[White "Uliashov, Dmitriy"]
[Black "Pavlova, Alina"]
[Result "1-0"]
[WhiteElo "2232"]
[BlackElo "2137"]
[PlyCount "51"]
[EventDate "2007.08.06"]
[EventType "swiss"]
[EventRounds "9"]
[EventCountry "RUS"]
[SourceTitle "EXT 2008"]
[Source "ChessBase"]
[SourceDate "2007.11.25"]
[SourceVersion "1"]
[SourceVersionDate "2007.11.25"]
[SourceQuality "1"]

1. e4 e6 2. d4 d5 3. Nd2 Nf6 4. e5 Nfd7 5. Bd3 c5 6. c3 Nc6 7. Ne2 cxd4 8. cxd4 f6 9. exf6 Nxf6 10. 0-0 Bd6 11. Nf3 0-0 12. Ng3 Kh8 13. Re1 Qb6 14. Bc2 Bd7 15. a3 Rae8 16. Be3 Qc7 17. Rc1 Qb8 18. Qd3 e5 19. dxe5 Nxe5 20. Nxe5 Bxe5 21. Bc5 Bd6 22. Bd4 Be5 23. Nh5 g6 24. Rxe5 Rxe5 25. Nxf6 Rxf6 26. Qg3 1-0

[Event "Petrovskaya Ladya op 08"]
[Site "Peterhof"]
[Date "2007.08.10"]
[Round "5"]
[White "Sharankov, Grigory"]
[Black "Pavlova, Alina"]
[Result "1/2-1/2"]
[WhiteElo "2204"]
[BlackElo "2137"]
[PlyCount "30"]
[EventDate "2007.08.06"]
[EventType "swiss"]
[EventRounds "9"]
[EventCountry "RUS"]
[SourceTitle "EXT 2008"]
[Source "ChessBase"]
[SourceDate "2007.11.25"]
[SourceVersion "1"]
[SourceVersionDate "2007.11.25"]
[SourceQuality "1"]

1. Nf3 Nf6 2. g3 d6 3. Bg2 g6 4. 0-0 e5 5. d3 Bg7 6. Nbd2 0-0 7. e4 h6 8. a4 Be6 9. h3 Nbd7 10. d4 c6 11. c4 exd4 12. Nxd4 Ne5 13. Nxe6 fxe6 14. Ra3 d5 15. Qe2 Qd7 1/2-1/2

[Event "Petrovskaya Ladya op 08"]
[Site "Peterhof"]
[Date "2007.08.09"]
[Round "4"]
[White "Pavlova, Alina"]
[Black "Timchenko, Aleksandr"]
[Result "1-0"]
[WhiteElo "2137"]
[BlackElo "2061"]
[PlyCount "139"]
[EventDate "2007.08.06"]
[EventType "swiss"]
[EventRounds "9"]
[EventCountry "RUS"]
[SourceTitle "EXT 2008"]
[Source "ChessBase"]
[SourceDate "2007.11.25"]
[SourceVersion "1"]
[SourceVersionDate "2007.11.25"]
[SourceQuality "1"]

1. d4 g6 2. c4 Bg7 3. Nc3 c6 4. Nf3 Nf6 5. e4 d5 6. e5 Ne4 7. Nxe4 dxe4 8. Ng5 c5 9. Nxe4 cxd4 10. f4 0-0 11. Bd3 Nc6 12. Bd2 f6 13. exf6 exf6 14. 0-0 f5 15. Ng5 h6 16. Nf3 Re8 17. b4 a5 18. a3 axb4 19. axb4 Rxa1 20. Qxa1 Re3 21. Qb1 Qd6 22. b5 Nd8 23. Bxe3 dxe3 24. g3 Ne6 25. Be2 Nc5 26. Qc1 Qe6 27. Re1 b6 28. Bf1 Bb7 29. Rxe3 Be4 30. Qd1 Bf6 31. Qe2 g5 32. Bg2 g4 33. Ne5 Bxe5 34. fxe5 Qxe5 35. Bxe4 Nxe4 36. Qd1 Qb2 37. Rxe4 fxe4 38. Qxg4+ Kh8 39. Qxe4 Qc1+ 40. Kg2 Qd2+ 41. Kh3 Qd6 42. Qc6 Qf8 43. Kg2 Qf5 44. Qxh6+ Kg8 45. Qf4 Qc2+ 46. Kh3 Qh7+ 47. Qh4 Qf7 48. Qg4+ Kh8 49. Qe4 Qg6 50. Qh4+ Kg8 51. Qg4 Kh8 52. c5 Qf7 53. Qh4+ Kg8 54. Qg5+ Kh8 55. c6 Qe6+ 56. Kh4 Qc4+ 57. g4 Qe4 58. Qf6+ Kg8 59. Kh5 Qh7+ 60. Qh6 Qf7+ 61. Qg6+ Kh8 62. h4 Qd5+ 63. Qf5 Qf7+ 64. Kg5 Qg7+ 65. Kf4 Qd4+ 66. Qe4 Qf2+ 67. Kg5 Qd2+ 68. Kh5 Qd6 69. Qe8+ Kg7 70. Qd7+ 1-0